| 000 | 01524nab a22002777a 4500 | ||
|---|---|---|---|
| 999 |
_c6360 _d6360 |
||
| 003 | OSt | ||
| 005 | 20260131200748.0 | ||
| 008 | 190603e xxum|||| |||| 00| 0 spa d | ||
| 040 | _cPJ | ||
| 100 |
_97005 _aRoldán, Gustavo E. |
||
| 245 | 1 | 3 |
_aEl cuidado como derecho humano autónomo : _banálisis de la Opinión Consultiva OC 31-25 / _cGustavo E. Roldán. |
| 260 |
_cCiudad Autónoma de Buenos Aires : _aThomson Reuters La Ley, _b2025. |
||
| 300 | _ap. 144-154 | ||
| 500 | _aCita: TR LALEY AR/DOC/2798/2025 Publicado en: RCCyC 2025 (Diciembre). | ||
| 505 | _a Sumario: I. Introducción.— II. Contexto normativo y convencional.— III. La Opinión Consultiva OC-31/25: reconocimiento del cuidado como derecho humano.— IV. Reflexiones y posibles tensiones.— V. Opinión.— VI. Conclusión. | ||
| 505 | _aFallo comentado: Corte IDH ~ 12/06/2025 ~ Opinión Consultiva OC-31/25 s/ contenido y alcance del derecho al cuidado y su interrelación con otros derechos. | ||
| 505 | _t¿Te interesa el texto completo? Solicitalo al correo: koha@justierradelfuego.gov.ar | ||
| 650 | 0 |
_91497 _aCODIGO CIVIL Y COMERCIAL |
|
| 650 | 0 |
_9614 _aDERECHOS HUMANOS |
|
| 650 | 0 |
_91253 _aDERECHO A LA SALUD |
|
| 650 | 0 |
_aSITUACIÓN DE VULNERABILIDAD _94695 |
|
| 650 | 0 |
_aCORTE INTERAMERICANA DE DERECHOS HUMANOS _93377 |
|
| 650 | 0 |
_aDEBER DE CUIDADO _93637 |
|
| 773 | 0 |
_02713 _93170 _dCiudad Autónoma de Buenos Aires : Thomson Reuters La Ley, 2015- _tRevista Código Civil y Comercial. Nº 6 - Diciembre 2025 |
|
| 942 |
_2udc _cANA |
||